各声母开头的四极点城市(城市点位地图版) - Statistics

General Stats
  • This quiz has been taken 11 times
  • The average score is 55 of 90
Answers on the Map
Answers color-coded by a green-red scale on the quiz's map according to % correct below.
 
Answer Stats
声母 方位 省级行政区 城市 % Correct
y 吉林省 延吉市
90%
sh 北 | 东 黑龙江省 双鸭山市
90%
m 黑龙江省 漠河市
90%
l 广东省 雷州市
90%
f 广西壮族自治区 防城港市
90%
h 海南省 海口市
90%
s 海南省 三沙市
90%
w 海南省 五指山市
90%
d 海南省 东方市
90%
l 西 西藏自治区 拉萨市
90%
n 西 西藏自治区 那曲市
90%
j 黑龙江省 鸡西市
80%
d 黑龙江省 大庆市
80%
q 黑龙江省 七台河市
80%
h 黑龙江省 黑河市
80%
f 北 | 东 黑龙江省 抚远市
80%
c 浙江省 慈溪市
80%
sh 广东省 深圳市
80%
zh 广东省 湛江市
80%
m 广东省 茂名市
80%
y 广东省 阳江市
80%
b 广西壮族自治区 北海市
80%
ch 广西壮族自治区 崇左市
80%
q 海南省 琼海市
80%
r 西 西藏自治区 日喀则市
80%
j 西 甘肃省 嘉峪关市
80%
k 新疆维吾尔自治区 克拉玛依市
80%
k 西 新疆维吾尔自治区 喀什市
80%
h 西 新疆维吾尔自治区 和田市
80%
t 西 新疆维吾尔自治区 图木舒克市
80%
c 河北省 沧州市
70%
ch 吉林省 长春市
70%
l 吉林省 辽源市
70%
g 吉林省 公主岭市
70%
q 黑龙江省 齐齐哈尔市
70%
j 黑龙江省 佳木斯市
70%
s 西 四川省 遂宁市
70%
d 西 甘肃省 敦煌市
70%
g 西 青海省 格尔木市
70%
m 西 青海省 茫崖市
70%
b 西 新疆维吾尔自治区 博乐市
70%
y 西 新疆维吾尔自治区 伊宁市
70%
y 内蒙古自治区 牙克石市
60%
韵母 内蒙古自治区 额尔古纳市
60%
g 内蒙古自治区 根河市
60%
x 内蒙古自治区 锡林浩特市
60%
l 吉林省 龙井市
60%
w 黑龙江省 五常市
60%
g 广东省 高州市
60%
n 广西壮族自治区 南宁市
60%
p 西 云南省 普洱市
60%
r 云南省 瑞丽市
60%
zh 西 甘肃省 张掖市
60%
韵母 西 新疆维吾尔自治区 阿图什市
60%
z 河北省 遵化市
50%
zh 内蒙古自治区 扎兰屯市
50%
s 黑龙江省 绥化市
50%
t 北 | 东 黑龙江省 同江市
50%
s 黑龙江省 绥芬河市
50%
w 黑龙江省 五大连池市
50%
n 黑龙江省 嫩江市
50%
z 山东省 淄博市
50%
r 山东省 荣成市
50%
k 广东省 开平市
50%
z 西 四川省 资阳市
50%
j 云南省 景洪市
50%
c 西 西藏自治区 错那市
50%
ch 北 | 西 新疆维吾尔自治区 昌吉市
50%
w 西 新疆维吾尔自治区 乌苏市
50%
x 西 新疆维吾尔自治区 新星市
50%
r 河北省 任丘市
40%
k 辽宁省 开原市
40%
p 北 | 东 吉林省 磐石市
40%
h 黑龙江省 虎林市
40%
b 北 | 东 黑龙江省 北安市
40%
zh 黑龙江省 肇东市
40%
z 湖南省 资兴市
40%
t 广东省 台山市
40%
p 广西壮族自治区 凭祥市
40%
x 辽宁省 新民市
30%
m 黑龙江省 密山市
30%
d 黑龙江省 东宁市
30%
韵母 广东省 恩平市
30%
x 广东省 信宜市
30%
q 西 四川省 邛崃市
30%
sh 西 新疆维吾尔自治区 双河市
30%
c 广西壮族自治区 岑溪市
20%
f 西 新疆维吾尔自治区 阜康市
20%
n 黑龙江省 宁安市
10%
韵母 黑龙江省 安达市
10%
No matching quizzes found
Score Distribution
Percent of People with Each Score
Percentile by Number Answered
Your Score History
You have not taken this quiz